000 00528 a2200181 4500
999 _c5238
_d5238
020 _a9780840030290
050 0 0 _aMT 6 DUC 2013
100 1 _aDuckworth, William
_eauthor
245 1 2 _aA Creative approach to music fundamentals /
_cWilliam Duckworth
250 _a11th ed.
264 1 _aBoston:
_bCengage Learning,
_c2013
300 _a385p. :
_bill ;
500 _aIncludes indexes
500 _aIncludes indexes
650 0 _aMusic
_xInstruction and study.
650 0 _aMusic theory.
942 _2lcc
_cBK
_e11th ed.
_h6
_iDUC
_kMT